Informe final del III Seminario del Programa Centroamericano de ciencias de la salud: El costo de la salud en centroamérica

সংরক্ষণ করুন:
গ্রন্থ-পঞ্জীর বিবরন
বিন্যাস: পাঠ‍্য
বিষয়গুলি:
ট্যাগগুলো: ট্যাগ যুক্ত করুন
কোনো ট্যাগ নেই, প্রথমজন হিসাবে ট্যাগ করুন!

MARC

LEADER 00000 a a2200000 04500
001 47417
003
040
090 |a REV0857 2 (4) 1976  
245 |a Informe final del III Seminario del Programa Centroamericano de ciencias de la salud:   |b El costo de la salud en centroamérica  
650 |a SERVICIOS DE SALUD  
650 |a POBLACION  
650 |a SALUD  
650 |a GASTOS  
650 |a CENTROAMERICA  
773 |g volumen2, número4, mayo-agosto (1976)  
999 |c 22914  |d 22914